000 00508nam a2200169Ia 4500
008 151021s9999 xx 000 0 und d
020 _a130909475
050 _aHF 5718.2.U6T45 2001
245 _a_Excellence in Business communication [5th ed] John V Thill.
260 _aU.S.A Prentice Hall 2001
300 _axxxv,539p;ill.
500 _aIncludes index
500 _aIncludes index
650 _a_Business communication
700 _a_Courtland L Bovee
980 _a^d20150409 04:13:12^okorir
999 _c15083
_d15083